[Event "Titled Tue 1st Jul Late"]
[Site "chess.com INT"]
[Date "2025.07.01"]
[Round "3"]
[White "Ernst, Luca"]
[Black "Cernov, Henrik"]
[Result "0-1"]
[WhiteTitle "FM"]
[BlackTitle "FM"]
[WhiteElo "2215"]
[BlackElo "2325"]
[WhiteFideId "45117055"]
[BlackFideId "16258312"]
[EventDate "2025.07.01"]

1. Nf3 Nf6 2. g3 e6 3. Bg2 d5 4. O-O Bd6 5. c4 O-O 6. d4 Nc6 7. Nbd2 a5 8. Re1
Ne4 9. Nxe4 dxe4 10. Nd2 Nxd4 11. Nxe4 Be7 12. Bf4 Bb4 13. Rf1 f6 14. Bxc7 Qxc7
15. Qxd4 Rd8 16. Qe3 Be7 17. b3 e5 18. Nc3 Bc5 19. Bd5+ Kh8 20. Qf3 f5 21. e3 e4
22. Qe2 Qe5 23. Na4 Ba7 24. Rad1 Rb8 25. Qb2 Qe7 26. Nc3 Bd7 27. a4 Be8 28. Nb5
Bc5 29. Kg2 Bh5 30. Rd2 Bf3+ 31. Kg1 Qg5 32. Ra1 Qg4 33. Qc1 f4 34. exf4 e3 35.
fxe3 Bxe3+ 36. Kf1 Qh3+ 37. Ke1 Bxd5 38. cxd5 Re8 39. Re2 Bxc1 40. Rxc1 Rxe2+
41. Kxe2 Qxh2+ 42. Kf3 Qd2 43. Rc5 Qd3+ 44. Kg4 b6 45. Rc7 Qxd5 46. Kh3 h5 0-1

[Event "Titled Tue 1st Jul Late"]
[Site "chess.com INT"]
[Date "2025.07.01"]
[Round "3"]
[White "Rustamov, Rustam"]
[Black "Gustafsson, Jan"]
[Result "1-0"]
[WhiteTitle "FM"]
[BlackTitle "GM"]
[WhiteElo "2334"]
[BlackElo "2591"]
[WhiteFideId "13440110"]
[BlackFideId "4625498"]
[EventDate "2025.07.01"]

1. e4 e5 2. Nf3 Nc6 3. Bb5 a6 4. Ba4 Nf6 5. O-O Be7 6. d4 exd4 7. e5 Ne4 8. Nxd4
O-O 9. Nf5 d5 10. Nxe7+ Nxe7 11. c3 Nc5 12. Bc2 Bf5 13. Be3 Ne6 14. Nd2 c5 15.
Nf3 Rc8 16. Bxf5 Nxf5 17. Qc2 Nxe3 18. fxe3 Qb6 19. Rad1 d4 20. exd4 cxd4 21.
Qf2 Rfd8 22. Nxd4 Rd7 23. Nf5 Qxf2+ 24. Kxf2 Rcd8 25. Rxd7 Rxd7 26. Nd6 f6 27.
Re1 Nf4 28. e6 Re7 29. Nf5 Rxe6 30. Rxe6 Nxe6 31. Nd6 b5 32. b4 Kf8 33. c4 bxc4
34. Nxc4 Ke7 35. Ke3 f5 36. a4 Kf6 37. b5 axb5 38. axb5 g5 39. b6 Nd8 40. Na5
Ke5 41. b7 f4+ 42. Kf3 Nxb7 43. Nxb7 h5 44. Nc5 g4+ 45. Kf2 Kd4 46. Ne6+ Ke5 47.
Ng7 h4 48. h3 Kf6 49. Ne8+ Kg5 50. Nd6 f3 51. gxf3 gxh3 52. Ne4+ Kf4 53. Nd2 h2
54. Kg2 Ke3 55. Kxh2 1-0

[Event "Titled Tue 1st Jul Late"]
[Site "chess.com INT"]
[Date "2025.07.01"]
[Round "3"]
[White "Gasparyan, Erik R."]
[Black "Ambartsumova, Karina"]
[Result "1-0"]
[WhiteTitle "IM"]
[BlackTitle "IM"]
[WhiteElo "2372"]
[BlackElo "2403"]
[WhiteFideId "13315730"]
[BlackFideId "4166299"]
[EventDate "2025.07.01"]

1. Nf3 Nf6 2. g3 e6 3. Bg2 d5 4. O-O c5 5. d4 Nc6 6. c4 dxc4 7. Qa4 cxd4 8. Nxd4
Bd7 9. Nxc6 bxc6 10. Rd1 Qc8 11. Qxc4 Be7 12. Nc3 O-O 13. Bg5 h6 14. Bxf6 Bxf6
15. Rac1 Rb8 16. b3 c5 17. Ne4 Be7 18. e3 Bb5 19. Qc2 Qa6 20. Bf1 Bxf1 21. Rxf1
Rfc8 22. Rfd1 Rb4 23. Nd2 h5 24. Nc4 h4 25. Rd7 Bf8 26. Qe2 Rb7 27. Rcd1 Qc6 28.
Ne5 Qe4 29. Rxb7 Qxb7 30. Qf3 Qxf3 31. Nxf3 hxg3 32. hxg3 c4 33. Rc1 c3 34. Kf1
Ba3 35. Rc2 Bb2 36. Ne5 Rd8 37. Ke2 Rd6 38. Nc4 Ra6 39. a4 Kf8 40. Nxb2 cxb2 41.
Rxb2 Rb6 42. Kd3 a5 43. Kc3 Rc6+ 44. Kd3 Rb6 45. b4 axb4 46. Kc4 Ke7 47. a5 Rc6+
48. Kxb4 Kd6 49. Kb5 Rc8 50. Rd2+ Ke5 51. a6 Rb8+ 52. Kc6 Rb1 53. Ra2 Rb8 54. a7
Ra8 55. Kb7 1-0

[Event "Titled Tue 1st Jul Late"]
[Site "chess.com INT"]
[Date "2025.07.01"]
[Round "3"]
[White "Titichoca Daza, Daniel"]
[Black "Povshednyi, Ivan"]
[Result "0-1"]
[WhiteTitle "CM"]
[BlackTitle "FM"]
[WhiteElo "2126"]
[BlackElo "2309"]
[WhiteFideId "3309550"]
[BlackFideId "14190907"]
[EventDate "2025.07.01"]

1. c4 e6 2. Nf3 d5 3. g3 d4 4. Bg2 Nc6 5. O-O Nh6 6. a3 a5 7. d3 Nf5 8. e4 dxe3
9. fxe3 h5 10. Nc3 h4 11. g4 h3 12. Bh1 Nh4 13. d4 Bd6 14. Bd2 Ng2 15. e4 Nxd4
16. Nxd4 Bc5 17. Ne2 Bxd4+ 18. Nxd4 Qxd4+ 19. Rf2 e5 20. Bc3 Qxd1+ 21. Rxd1 Ne3
22. Rd3 Nxg4 23. Rfd2 Be6 24. Bxa5 O-O 25. Bb4 c5 26. Bxc5 Rfc8 27. Bb4 Rxc4 28.
Bf3 Nf6 29. Rd8+ Rxd8 30. Rxd8+ Kh7 31. Be2 Rc1+ 32. Kf2 Nxe4+ 33. Ke3 Nf6 34.
Bd3+ e4 35. Bxe4+ Nxe4 36. Kxe4 Rc2 37. Rd2 Rc4+ 38. Ke5 Kg6 39. Bc3 Rg4 40. Kd6
Rg2 41. Kc7 Rxd2 42. Bxd2 b5 43. Kb6 Bc4 44. Bf4 Kf5 45. Bg3 Ke4 46. Kc5 Bf1 47.
b4 f5 48. Kd6 f4 49. Be1 g5 50. Ke6 g4 51. Kf6 g3 52. hxg3 h2 53. gxf4 h1=Q 54.
Bc3 Kxf4 0-1

[Event "Titled Tue 1st Jul Late"]
[Site "chess.com INT"]
[Date "2025.07.01"]
[Round "3"]
[White "Rosen, Eric"]
[Black "Liu, Zachary Hankun"]
[Result "0-1"]
[WhiteTitle "IM"]
[WhiteElo "2377"]
[BlackElo "2067"]
[WhiteFideId "2032562"]
[BlackFideId "2640287"]
[EventDate "2025.07.01"]

1. e3 e5 2. d4 exd4 3. exd4 d5 4. Nc3 Nf6 5. Bd3 Bd6 6. Bg5 h6 7. Bh4 c6 8. Nge2
O-O 9. Qd2 Be6 10. f3 Nbd7 11. O-O-O b5 12. Nf4 Re8 13. Nxe6 Rxe6 14. Bf5 Re8
15. Bxd7 Qxd7 16. Bxf6 gxf6 17. Qxh6 Qf5 18. g3 a5 19. Rhe1 Rxe1 20. Rxe1 a4 21.
Qe3 b4 22. Nd1 b3 23. cxb3 axb3 24. Qxb3 Qg6 25. a3 Qh6+ 26. f4 Qxh2 27. Qe3 Kf8
28. Qf3 Qh6 29. Rh1 Qg7 30. Qh5 Ke7 31. Qf5 Qxg3 32. Rf1 Rg8 33. Kd2 Qg2+ 34.
Rf2 Qg6 35. Qxg6 fxg6 36. b4 g5 37. fxg5 fxg5 38. Kc3 g4 39. Ne3 g3 40. Rg2 Ke6
41. a4 Rb8 42. Nc2 Rh8 43. a5 Rh2 44. Rg1 Rf2 45. a6 Bb8 46. a7 Rf3+ 47. Kd2
Bxa7 48. Ke2 Rc3 49. Kd2 Rb3 50. Ne3 Bxd4 51. Rxg3 Rxe3 52. Rxe3+ Bxe3+ 53. Kxe3
Ke5 54. Kd3 d4 55. Kc4 Ke4 56. Kc5 d3 57. Kxc6 d2 58. b5 d1=Q 59. b6 Qd8 60. Kb7
Kd5 61. Ka7 Kc6 62. b7 Qa5+ 63. Kb8 Qc7+ 64. Ka8 Qxb7# 0-1

[Event "Titled Tue 1st Jul Late"]
[Site "chess.com INT"]
[Date "2025.07.01"]
[Round "3"]
[White "Zhuravlev, Alexey"]
[Black "Faryma, Matviy"]
[Result "1-0"]
[WhiteTitle "FM"]
[WhiteElo "2359"]
[BlackElo "2230"]
[WhiteFideId "4164199"]
[BlackFideId "1961578"]
[EventDate "2025.07.01"]

1. e4 c6 2. d4 d5 3. e5 Bf5 4. h4 h5 5. c4 e6 6. Bg5 Qb6 7. Qd2 Nd7 8. Nc3 Rc8
9. cxd5 cxd5 10. Nf3 Ne7 11. Be2 Nc6 12. O-O Bg4 13. Rfd1 Be7 14. a3 Qb3 15.
Rdc1 O-O 16. Bd1 Qb6 17. Na4 Qa6 18. Bxe7 Nxe7 19. b3 Nf5 20. Qf4 Qd3 21. Nc5
Nxc5 22. Bc2 Qb5 23. dxc5 Bxf3 24. Bxf5 Bxg2 25. b4 exf5 26. Kxg2 g6 27. Rg1 Qc4
28. Qg5 Qe4+ 29. Kh2 Qxe5+ 30. f4 Qg7 31. Rg2 b6 32. Rag1 bxc5 33. bxc5 Kh8 34.
Qxh5+ gxh5 35. Rxg7 Rg8 36. Rxf7 Rxg1 37. Kxg1 Rxc5 38. Rxf5 Ra5 39. Rxh5+ Kg7
40. Kg2 Kg6 41. Rg5+ Kf6 42. h5 Ra4 43. Kg3 Rxa3+ 44. Kg4 d4 45. Rd5 1-0

[Event "Titled Tue 1st Jul Late"]
[Site "chess.com INT"]
[Date "2025.07.01"]
[Round "3"]
[White "Obregon Rivero, Juan Carlos"]
[Black "Hadzovic, Amir"]
[Result "1-0"]
[WhiteTitle "GM"]
[BlackTitle "FM"]
[WhiteElo "2477"]
[BlackElo "2354"]
[WhiteFideId "3507815"]
[BlackFideId "14402300"]
[EventDate "2025.07.01"]

1. e4 e5 2. Nf3 Nc6 3. d3 Bc5 4. Nbd2 d6 5. c3 f5 6. Qc2 Nf6 7. h3 O-O 8. Be2
fxe4 9. dxe4 Qe8 10. g4 Kh8 11. Nc4 d5 12. exd5 Nxd5 13. Ne3 Nf4 14. Ng5 g6 15.
Ne4 Bxe3 16. Bxe3 Ng2+ 17. Kd2 Nxe3 18. fxe3 Be6 19. Raf1 Bd5 20. Kc1 Qe7 21. h4
Rxf1+ 22. Rxf1 Rf8 23. Rxf8+ Qxf8 24. g5 Qf5 25. Nf6 Qxc2+ 26. Kxc2 Bf7 27. Bf3
Nd8 28. a3 Kg7 29. Kd3 h6 30. Ke4 hxg5 31. hxg5 Ne6 32. Kxe5 Nxg5 33. Bxb7 Ne6
34. b4 Kf8 35. Bd5 Ke7 36. Bxe6 Bxe6 37. Ne4 Bc8 38. Ng5 Bd7 39. e4 Bc8 40. c4
Ba6 41. b5 Bb7 42. Kf4 Kd6 43. Ke3 Kc5 44. Kd3 Bc8 45. Kc3 Bd7 46. e5 Bf5 47. a4
c6 48. bxc6 Kxc6 49. a5 Kc5 50. Kb3 1-0

[Event "Titled Tue 1st Jul Late"]
[Site "chess.com INT"]
[Date "2025.07.01"]
[Round "3"]
[White "Klimkowski, Jan"]
[Black "Alvir, Aco"]
[Result "1-0"]
[WhiteTitle "GM"]
[BlackTitle "IM"]
[WhiteElo "2508"]
[BlackElo "2239"]
[WhiteFideId "21856222"]
[BlackFideId "14400367"]
[EventDate "2025.07.01"]

1. e4 c5 2. Nf3 d6 3. d4 cxd4 4. Nxd4 Nf6 5. Nc3 g6 6. Be3 Bg7 7. f3 O-O 8. Qd2
Nc6 9. O-O-O d5 10. exd5 Nxd5 11. Nxc6 bxc6 12. Bd4 Nxc3 13. Qxc3 Bh6+ 14. Be3
Bxe3+ 15. Qxe3 Qb6 16. Qxe7 Be6 17. Qa3 Rad8 18. Bd3 Qe3+ 19. Kb1 Rd4 20. Qxa7
Rxd3 21. Qxe3 Rxe3 22. Rhe1 Rxe1 23. Rxe1 Ra8 24. b3 Kf8 25. a4 Ke7 26. Kb2 Kd6
27. Kc3 c5 28. h4 h6 29. g3 Bd5 30. Re3 g5 31. hxg5 hxg5 32. f4 gxf4 33. gxf4
Rg8 34. Rh3 Rg4 35. Rh6+ Kc7 36. Rh5 Kd6 37. Rh6+ Ke7 38. Rh5 Ke6 39. Kd3 Rxf4
40. c4 Be4+ 41. Ke3 Rg4 42. Rxc5 f5 43. b4 Rg3+ 44. Kf4 Rf3+ 45. Kg5 Ra3 46. a5
Kd6 47. Rb5 Bd3 48. Rc5 Ke6 49. Kf4 Ra4 50. Rc6+ Kd7 51. Rb6 Kc7 52. c5 Be4 53.
a6 Ra1 54. b5 Ra5 55. Ke3 Bd5 56. Kd4 Bg2 57. Kc3 Bf1 58. Rc6+ Kd7 59. Rd6+ Ke7
60. a7 Rxa7 61. b6 Ra1 62. b7 Rb1 63. Rb6 Rc1+ 64. Kd2 Rxc5 65. b8=Q 1-0

[Event "Titled Tue 1st Jul Late"]
[Site "chess.com INT"]
[Date "2025.07.01"]
[Round "3"]
[White "Foldes, Marton Gabor"]
[Black "Grutter, Tim"]
[Result "0-1"]
[WhiteTitle "FM"]
[BlackTitle "IM"]
[WhiteElo "2295"]
[BlackElo "2404"]
[WhiteFideId "794708"]
[BlackFideId "1057472"]
[EventDate "2025.07.01"]

1. Nf3 Nf6 2. g3 c5 3. Bg2 Nc6 4. O-O e5 5. c4 d5 6. cxd5 Nxd5 7. d3 Be7 8. Nc3
Nc7 9. Nd2 Bd7 10. b3 O-O 11. Ba3 b5 12. Bb2 f5 13. Nd5 Nxd5 14. Bxd5+ Kh8 15.
Rc1 Rc8 16. Nf3 Bd6 17. Nd2 Nd4 18. e3 Nc6 19. Qe2 Qe8 20. Rfd1 a6 21. a3 Qg6
22. Bf3 f4 23. Ne4 fxg3 24. hxg3 Rxf3 25. Qxf3 Bg4 26. Qg2 Bxd1 27. Rxd1 Be7 28.
Rc1 Na5 29. b4 Nb3 30. Qh3 Rd8 31. Rc3 c4 32. Kg2 cxd3 33. Rxb3 Qxe4+ 34. f3
Qxe3 35. Qe6 Qe2+ 36. Kh3 d2 37. Qxe7 d1=Q 38. Bxe5 Qd7+ 39. Qxd7 Rxd7 40. Rc3
h6 41. Rc8+ Kh7 42. Bf4 Qe6+ 43. g4 Rd3 44. Rc7 Rxf3+ 0-1

[Event "Titled Tue 1st Jul Late"]
[Site "chess.com INT"]
[Date "2025.07.01"]
[Round "3"]
[White "Nicot, Valentin"]
[Black "Vykouk, Jan"]
[Result "1/2-1/2"]
[WhiteTitle "CM"]
[BlackTitle "IM"]
[WhiteElo "2206"]
[BlackElo "2490"]
[WhiteFideId "651002477"]
[BlackFideId "349658"]
[EventDate "2025.07.01"]

1. d4 Nf6 2. Nf3 e6 3. g3 b6 4. Bg2 Bb7 5. c4 Bb4+ 6. Bd2 c5 7. O-O O-O 8. Bxb4
cxb4 9. Nbd2 a5 10. e3 d6 11. Re1 Nbd7 12. Rc1 Re8 13. a3 bxa3 14. bxa3 Rc8 15.
Qb3 Qc7 16. Rb1 e5 17. Rec1 h6 18. d5 Ba6 19. Nh4 Rb8 20. e4 Nc5 21. Qe3 Bc8 22.
h3 Qe7 23. Nf5 Bxf5 24. exf5 Nfd7 25. g4 Qg5 26. Qxg5 hxg5 27. Rb5 Kf8 28. Rcb1
Ke7 29. f3 Kd8 30. Kf2 Kc7 31. Ke3 Rb7 32. Rc1 a4 33. Nb1 Nb3 34. Rd1 Nd4 35.
Rb2 Kb8 36. Nc3 Rc8 37. Bf1 b5 38. Rdb1 Nc5 39. Nxb5 Nxb5 40. Rxb5 Rxb5 41.
Rxb5+ Kc7 42. Rb4 Rb8 43. Rxb8 Kxb8 44. Kd2 Kc7 45. Kc3 Kb6 46. Kb4 f6 47. Be2
e4 48. fxe4 Nxe4 49. Bd1 Nf2 50. Bxa4 Nxh3 51. Bd1 Nf2 52. Be2 Ne4 53. a4 Nc5
54. a5+ Ka6 55. Bf1 Kb7 56. Kb5 Na6 57. Be2 Nc7+ 58. Kb4 Na6+ 59. Kb5 Nc5 60.
Bf1 Nb3 61. a6+ Ka7 62. Kc6 Nd2 63. Be2 Ne4 64. Bd3 Nf2 65. Be2 Ne4 66. Bf3 Nd2
67. Be2 Ne4 1/2-1/2

[Event "Titled Tue 1st Jul Late"]
[Site "chess.com INT"]
[Date "2025.07.01"]
[Round "3"]
[White "Caprio, Guido"]
[Black "Venskaya, Nika"]
[Result "1-0"]
[WhiteTitle "IM"]
[BlackTitle "WCM"]
[WhiteElo "2435"]
[BlackElo "1926"]
[WhiteFideId "834580"]
[BlackFideId "13523503"]
[EventDate "2025.07.01"]

1. d4 Nf6 2. g4 Nxg4 3. e4 d6 4. Nc3 e5 5. h3 exd4 6. Qxd4 Nf6 7. Nf3 Nc6 8. Bb5
Bd7 9. Bxc6 Bxc6 10. Rg1 Qd7 11. Be3 b6 12. O-O-O O-O-O 13. Qc4 Kb8 14. Ne5 dxe5
15. Rxd7 Bxd7 16. Rd1 Bd6 17. Qxf7 Bxh3 18. Qxg7 Ng4 19. Qg5 Nxe3 20. Qxe3 Be6
21. Nd5 h5 22. Rh1 h4 23. a3 h3 24. Nb4 Kb7 25. Nd3 Bc8 26. f4 exf4 27. Qf3 c6
28. e5 Bc7 29. Nb4 Rh6 30. Qxf4 Rg6 31. Qe4 Rh6 32. Qe3 Rg6 33. b3 a5 34. Nd3
Rdg8 35. Kb2 Rg3 36. Qe4 R3g4 37. Qh7 R4g7 38. Qh6 Rg6 39. Qe3 Rg3 40. Qe4 R3g4
41. Qe1 Rg2 42. Nf4 R2g3 43. Nd3 R8g4 44. Rh2 Rf3 45. Qh1 Rgg3 46. Ne1 Re3 47.
Nd3 Ref3 48. Re2 Rf5 49. e6 1-0

[Event "Titled Tue 1st Jul Late"]
[Site "chess.com INT"]
[Date "2025.07.01"]
[Round "3"]
[White "Gonzalez Mojica, Renan Arturo"]
[Black "Sailer, Mike"]
[Result "0-1"]
[WhiteTitle "FM"]
[WhiteElo "2098"]
[BlackElo "2108"]
[WhiteFideId "4482379"]
[BlackFideId "2012901"]
[EventDate "2025.07.01"]

1. e4 d5 2. exd5 Qxd5 3. Nf3 Bg4 4. Be2 Nc6 5. d3 Nf6 6. Nc3 Qd7 7. Be3 e5 8. h3
Bxf3 9. Bxf3 Bd6 10. Ne4 Nd5 11. Nc5 Nxe3 12. Nxd7 Nxd1 13. Bg4 Nxb2 14. Rb1 Na4
15. Rxb7 Nb6 16. Nxb6 axb6 17. Bf3 Kd7 18. O-O Rxa2 19. Rb1 Ra6 20. Bd5 Na5 21.
Ra1 Nxb7 22. Rxa6 Na5 23. Bxf7 Kc6 24. Ra7 Rf8 25. Be6 Bc5 26. c4 Rxf2 27. Bd5+
Kd6 28. Ra8 Rf8+ 29. d4 Bxd4+ 30. Kh2 Rxa8 31. Bxa8 Kc5 32. Bd5 Nxc4 33. Bg8 h6
34. Bh7 b5 35. g4 b4 36. h4 b3 37. g5 hxg5 38. h5 b2 39. Bb1 Nd2 40. h6 gxh6 41.
Bh7 e4 42. Bxe4 Nxe4 43. Kh3 b1=Q 44. Kg4 Qg1+ 45. Kf3 Qe3+ 46. Kg4 Nf6+ 47. Kf5
Qd3+ 48. Ke6 g4 49. Ke7 Qe4+ 50. Kd8 Qe8+ 51. Kxc7 Be5+ 52. Kb7 Qc6+ 53. Ka7
Qb6+ 54. Ka8 Qb8# 0-1

[Event "Titled Tue 1st Jul Late"]
[Site "chess.com INT"]
[Date "2025.07.01"]
[Round "3"]
[White "Hariharan, Shambavi"]
[Black "Ciocan, Maria-Alexandra"]
[Result "1/2-1/2"]
[WhiteTitle "WCM"]
[WhiteElo "1936"]
[BlackElo "1998"]
[WhiteFideId "488160"]
[BlackFideId "1227130"]
[EventDate "2025.07.01"]

1. d4 Nf6 2. c4 g6 3. Nf3 Bg7 4. g3 O-O 5. Bg2 d6 6. O-O Nc6 7. Nc3 a6 8. h3 Bd7
9. Re1 Rb8 10. e4 e5 11. d5 Na5 12. Nd2 b5 13. b3 bxc4 14. Nxc4 Nxc4 15. bxc4
Rb4 16. Qd3 Qc8 17. Bd2 Bxh3 18. Nb5 Rb2 19. Bc3 axb5 20. Bxb2 Bxg2 21. Kxg2
bxc4 22. Qxc4 Ne8 23. Rh1 Qg4 24. f3 Qg5 25. Bc1 Qe7 26. Bh6 Bxh6 27. Rxh6 f5
28. Rah1 Rf7 29. a4 Qg5 30. Qe2 fxe4 31. fxe4 Nf6 32. R6h4 Nh5 33. Rg4 Qh6 34.
a5 Kh8 35. a6 Qf8 36. a7 Nf6 37. Rgh4 h5 38. Ra1 Qa8 39. Qb5 Rf8 40. Rhh1 Ng4
41. Rhf1 Ne3+ 42. Kg1 Nxf1 43. Rxf1 Rg8 44. Rf7 Qxa7+ 45. Kg2 Qa2+ 46. Kh3 Qa1
47. Kh2 Qe1 48. Qd7 Qd2+ 49. Kh3 Qh6 50. Kh2 h4 51. gxh4 Qxh4+ 52. Kg2 Qg5+ 53.
Kh2 Qh5+ 54. Kg2 Qg5+ 55. Kh2 Qh5+ 56. Kg2 Qg5+ 1/2-1/2

[Event "Titled Tue 1st Jul Late"]
[Site "chess.com INT"]
[Date "2025.07.01"]
[Round "3"]
[White "Arslanov, Shamil"]
[Black "Kollars, Dmitrij"]
[Result "1-0"]
[WhiteTitle "IM"]
[BlackTitle "GM"]
[WhiteElo "2410"]
[BlackElo "2633"]
[WhiteFideId "4192826"]
[BlackFideId "12909572"]
[EventDate "2025.07.01"]

1. d4 Nf6 2. f3 d5 3. e4 dxe4 4. Nc3 e5 5. dxe5 Qxd1+ 6. Kxd1 Nfd7 7. Nd5 Kd8 8.
Bg5+ f6 9. exf6 gxf6 10. Nxf6 h6 11. Nxd7+ hxg5 12. Nxf8 Rxf8 13. Kd2 exf3 14.
Nxf3 g4 15. Ne5 Nd7 16. Nxg4 Nc5 17. Ne3 Ne4+ 18. Ke1 Be6 19. Bd3 Nf2 20. Rf1
Nxd3+ 21. cxd3 Rh8 22. h3 a5 23. a3 Ra6 24. Rc1 Rh5 25. Rf2 Rb6 26. Nc4 Rb3 27.
Rc3 Rbb5 28. Ne3 Rb6 29. Kd1 a4 30. Kc1 Bb3 31. Rf3 Re6 32. Kd2 Rb5 33. g4 Ba2
34. Kc1 Rbe5 35. d4 Re4 36. Rd3 Rc6+ 37. Kd2 Rb6 38. Kc1 Rc6+ 39. Rc3 Rd6 40.
Nf5 Rd7 41. Rce3 Bd5 42. Rxe4 Bxe4 43. Rf4 Bd5 44. h4 Bb3 45. Kd2 c5 46. h5 Ke8
47. g5 Be6 48. g6 cxd4 49. Nxd4 1-0

[Event "Titled Tue 1st Jul Late"]
[Site "chess.com INT"]
[Date "2025.07.01"]
[Round "3"]
[White "Manukyan, Sargis A."]
[Black "Muradli, Mahammad"]
[Result "0-1"]
[WhiteTitle "FM"]
[BlackTitle "GM"]
[WhiteElo "2294"]
[BlackElo "2609"]
[WhiteFideId "13303970"]
[BlackFideId "13409301"]
[EventDate "2025.07.01"]

1. d4 Nf6 2. c4 g6 3. Nc3 Bg7 4. Nf3 O-O 5. Bg5 c5 6. d5 d6 7. h3 e6 8. e4 exd5
9. exd5 Re8+ 10. Be2 Qb6 11. Qd2 Ne4 12. Nxe4 Rxe4 13. Rb1 Bf5 14. O-O h6 15.
Bxh6 Rxe2 16. Qxe2 Bxh6 17. Rbe1 Na6 18. g4 Bd7 19. b3 Qd8 20. Qe7 Qxe7 21. Rxe7
Rd8 22. Rfe1 b5 23. a3 Bf8 24. R7e2 Rb8 25. Nd2 Nc7 26. Ne4 Ne8 27. f4 Bg7 28.
Kg2 a5 29. Ng3 a4 30. cxb5 Bxb5 31. Re3 Bd4 32. Rf3 Nf6 33. bxa4 Bxa4 34. f5
Rb2+ 35. Re2 Nxd5 36. Rxb2 Bxb2 37. Ne4 Be5 38. fxg6 fxg6 39. h4 Bc6 40. Kh3
Nf4+ 41. Rxf4 Bxf4 42. Nf6+ Kf7 43. g5 c4 44. Ng4 c3 45. Nf2 c2 46. Nd3 c1=Q 47.
Nxc1 Bxc1 48. a4 Bxa4 49. Kg4 Bd7+ 50. Kf3 Ke6 51. Ke4 d5+ 52. Kd4 Bf4 53. h5
Be5+ 54. Kd3 gxh5 55. g6 Be8 56. Ke3 Bxg6 57. Kf3 d4 58. Kg2 d3 59. Kh3 d2 60.
Kg2 d1=Q 61. Kh3 Qg4# 0-1

[Event "Titled Tue 1st Jul Late"]
[Site "chess.com INT"]
[Date "2025.07.01"]
[Round "3"]
[White "Stoica, Savas Marin"]
[Black "Zhukovskyi, Oleksandr"]
[Result "1-0"]
[BlackTitle "CM"]
[WhiteElo "2092"]
[BlackElo "2145"]
[WhiteFideId "464309"]
[BlackFideId "14169371"]
[EventDate "2025.07.01"]

1. d4 Nf6 2. c4 g6 3. Nc3 d5 4. cxd5 Nxd5 5. e4 Nxc3 6. bxc3 Bg7 7. Bc4 c5 8.
Ne2 Nc6 9. Be3 cxd4 10. cxd4 Qa5+ 11. Kf1 O-O 12. h4 Rd8 13. h5 Ne5 14. Bb3 Ng4
15. Bd2 Qa6 16. hxg6 Qxg6 17. f3 Bxd4 18. Nxd4 Rxd4 19. Qe2 Nf6 20. Qf2 Rd8 21.
Rh6 Qg7 22. e5 Nd5 23. Bc2 f5 24. exf6 Nxf6 25. Re1 Bd7 26. Qh4 Bb5+ 27. Kg1
Rac8 28. Bg5 Rxc2 29. Rxe7 Rd1+ 30. Kh2 Qxe7 31. Bxf6 Qc7+ 32. f4 Rxg2+ 33. Kxg2
Rd2+ 34. Kh3 Qd7+ 35. Qg4+ Qxg4+ 36. Kxg4 Bd7+ 37. Kf3 Rxa2 38. Rh5 a5 39. Rg5+
Kf7 40. Rg7+ Ke6 41. Re7+ Kd6 42. Rxh7 a4 43. Be5+ Kc6 44. Ke4 Re2+ 45. Kd4 Rd2+
46. Kc3 Rd1 47. Rh6+ Kb5 48. Bd4 Bf5 49. Rb6+ Ka5 50. Rxb7 Rd3+ 51. Kc4 Rb3 52.
Ra7# 1-0

[Event "Titled Tue 1st Jul Late"]
[Site "chess.com INT"]
[Date "2025.07.01"]
[Round "3"]
[White "Andrade, Ivan"]
[Black "Perez Cruz, Adianet"]
[Result "0-1"]
[WhiteTitle "FM"]
[BlackTitle "WFM"]
[WhiteElo "2144"]
[BlackElo "1984"]
[WhiteFideId "14800039"]
[BlackFideId "3510115"]
[EventDate "2025.07.01"]

1. e4 c6 2. d4 d5 3. e5 Bf5 4. h4 h5 5. Bd3 Bxd3 6. Qxd3 e6 7. Bg5 Be7 8. Nf3 g6
9. Nc3 Nd7 10. O-O-O a6 11. Ne2 Nh6 12. Kb1 Nf5 13. Ng3 c5 14. Nxf5 gxf5 15. c4
Nb6 16. cxd5 Nxd5 17. dxc5 Rc8 18. Rc1 Qa5 19. Bxe7 Kxe7 20. Qd4 Rhd8 21. a3 Rc6
22. Rhd1 Rdc8 23. Nd2 Rxc5 24. Nb3 Rxc1+ 25. Rxc1 Rxc1+ 26. Nxc1 Qe1 27. Qc5+
Ke8 28. Qc8+ Ke7 29. Qxb7+ Kf8 30. Qxa6 Qe4+ 31. Qd3 Qxg2 32. a4 Qxf2 33. a5 Qc5
34. a6 Nb4 35. Qe2 Qa5 36. Qd2 Kg7 37. a7 Qxa7 38. Qxb4 Qe3 39. Qc3 Qe4+ 40. Qd3
Qxe5 41. Qc3 Qxc3 42. bxc3 f4 43. Kc2 f5 44. Kd3 e5 45. c4 e4+ 46. Kd4 f3 47.
Ke3 Kf6 48. Nb3 Ke5 49. Nd2 f4+ 50. Kf2 e3+ 51. Kxf3 exd2 52. Ke2 Kd4 53. Kxd2
Kxc4 54. Ke2 Kd4 55. Kf3 Ke5 56. Kf2 Ke4 57. Ke2 f3+ 58. Kf2 Kf4 59. Kf1 Kg3 60.
Kg1 Kxh4 61. Kf2 Kg4 62. Kf1 Kg3 63. Kg1 h4 64. Kh1 Kf2 65. Kh2 Kf1 66. Kh1 f2
67. Kh2 Ke1 0-1

[Event "Titled Tue 1st Jul Late"]
[Site "chess.com INT"]
[Date "2025.07.01"]
[Round "3"]
[White "Amar, Elham"]
[Black "Hansen, Sune Berg"]
[Result "1-0"]
[WhiteTitle "GM"]
[BlackTitle "GM"]
[WhiteElo "2589"]
[BlackElo "2503"]
[WhiteFideId "1533533"]
[BlackFideId "1400266"]
[EventDate "2025.07.01"]

1. e4 e5 2. Nc3 Nf6 3. d4 exd4 4. Qxd4 Nc6 5. Qd3 Bb4 6. Ne2 O-O 7. Bg5 h6 8.
Bh4 d6 9. f4 Bg4 10. O-O-O Bxe2 11. Nxe2 Re8 12. a3 Bc5 13. Nc3 Qe7 14. Nd5 Qxe4
15. Bxf6 Qxd3 16. Bxd3 gxf6 17. Nxc7 Be3+ 18. Kb1 Bxf4 19. Nxa8 Rxa8 20. g3 Be5
21. Be4 Rc8 22. Rhe1 Rc7 23. Rd3 Na5 24. Bd5 Kg7 25. Red1 Kf8 26. b3 Ke7 27. c4
Nc6 28. b4 Nd8 29. Ka2 Ne6 30. Kb3 f5 31. Re1 Kf6 32. Bxe6 fxe6 33. c5 dxc5 34.
Rde3 c4+ 35. Kc2 Bd4 36. Rxe6+ Kg5 37. Re7 Rc6 38. R1e6 Rxe6 39. Rxe6 b5 40. Rd6
Bg1 41. h4+ Kg4 42. Rxh6 Kxg3 43. Rg6+ Kh2 44. h5 f4 45. h6 Bd4 46. Rg4 Be5 47.
Rg5 Bd4 48. Rd5 Ba1 49. Rd1 Bf6 50. Rd6 Be5 51. Rd5 Ba1 52. Rxb5 f3 53. Rf5 Kg2
54. Kd2 Bb2 55. h7 f2 56. Ke2 Bd4 57. Rxf2+ 1-0

[Event "Titled Tue 1st Jul Late"]
[Site "chess.com INT"]
[Date "2025.07.01"]
[Round "3"]
[White "Nepomniachtchi, Ian"]
[Black "Stankovic, Boris"]
[Result "0-1"]
[WhiteTitle "GM"]
[BlackTitle "FM"]
[WhiteElo "2757"]
[BlackElo "2298"]
[WhiteFideId "4168119"]
[BlackFideId "985317"]
[EventDate "2025.07.01"]

1. e4 c5 2. Nf3 d6 3. d4 cxd4 4. Nxd4 Nf6 5. Bc4 g6 6. Nc3 Bg7 7. f3 O-O 8. Be3
Nc6 9. Qd2 Bd7 10. h4 Rc8 11. Nxc6 Bxc6 12. Bb3 a5 13. a4 e6 14. h5 d5 15. hxg6
fxg6 16. Bh6 Qe7 17. e5 Nd7 18. Bxg7 Qxg7 19. f4 Nc5 20. O-O-O Nxb3+ 21. cxb3 b5
22. axb5 Bxb5 23. Kb1 Be8 24. g3 Rb8 25. Ka2 Qb7 26. Qc2 Rf7 27. Rd4 Rc7 28. g4
a4 29. bxa4 Qb6 30. Rhd1 Rcb7 31. b4 Rc7 32. Qb3 Rbc8 33. R1d3 Bd7 34. a5 Qa7
35. Nxd5 exd5 36. Qxd5+ Kh8 37. e6 Be8 38. f5 Rc2+ 39. Kb3 Qc7 40. b5 Rc5 41. b6
Qh2 42. Qxc5 Rxc5 43. Kb4 Qc2 44. Rd5 Qc4+ 45. Ka3 Rxd5 46. Rxd5 Qxd5 47. a6
Qa5+ 48. Kb3 Qxb6+ 49. Kc4 Qxa6+ 50. Kd5 gxf5 51. gxf5 Qb6 52. Ke5 Qd8 53. f6
Kg8 54. Kf5 Qd5+ 55. Kf4 Qxe6 0-1